000 00479nam a2200157 i 4500
001 24435
003 ES-MaACL
007 t|
008 021217s1975 sp ||||1| spa d
100 1 _aAndrés-Gallego, José,
_d1944-
_921605
245 1 3 _aLa política religiosa en España
_b: 1889-1913 /
_cJosé Andrés-Gallego.
260 _aMadrid :
_bEditora Nacional,
_c[1975]
300 _a519 p. ;
_c21 cm.
852 _aES-MaACL
_jE-8588
_bR.92787
999 _c24435
_d24435